WILDFLOWER - Billie Eilish - Statistiques

Statistiques générales
  • Ce quiz a été pris 921 fois
  • Le résultat moyen est 264 sur 316
Statistiques - réponses
Réponse % Correct
I
99%
I?
99%
a
97%
the
97%
you
97%
You
97%
(you
97%
my
96%
time
96%
time)
96%
but
95%
But
95%
her
95%
and
94%
And
94%
know
94%
of
94%
She
94%
she
94%
(she
94%
your
94%
all
93%
All
93%
(all
93%
do
93%
Do
93%
love
93%
me,
93%
me
93%
me)
93%
was
93%
cryin'
92%
in
92%
In
92%
see
92%
back
91%
(back
91%
mind
91%
mind)
91%
mind?
91%
should
91%
who
91%
Did
90%
on
90%
Things
90%
things
90%
to
90%
cross
89%
fall
89%
girl,
89%
go
89%
apart
88%
be
88%
be)
88%
breaks
88%
don't
88%
line?
88%
shoulder,
88%
Like
87%
like
87%
(like
87%
remind
87%
(remind
87%
that
87%
world
87%
could
86%
heart
86%
need
86%
alive
84%
alive)
84%
burning
84%
(burning
84%
fever,
84%
fever
84%
fever),
84%
I'm
84%
it
84%
July
83%
let
83%
behind
82%
so
82%
until
82%
hold
81%
showed
81%
wasn't
81%
put
80%
both
79%
fell
79%
there,
79%
closer
78%
sign
77%
no
75%
Only
75%
out
75%
shouldn't
74%
good
73%
(good
73%
different
71%
different)
71%
fast
71%
fast)
71%
life
71%
(life
71%
us
71%
made
70%
last
69%
last)
69%
never
69%
better
68%
better)
68%
couldn't
68%
More
68%
(more
68%
Happy
67%
(happy
67%
Well,
67%
well
67%
free
66%
free)
66%
from
65%
hotel
65%
ask
64%
Day,
63%
moves
63%
Valentine's
63%
myself
62%
crossed
61%
every
61%
just
61%
wonder
61%
felt
60%
leather
59%
touch
59%
baby
58%
didn't
58%
hurt
57%
kept
57%
how
56%
I'd
56%
(I'd
56%
say
56%
'Cause
55%
Now
54%
mean
53%
one
51%
knows
48%
eyes?
45%
Feels
41%
(oh)
40%
Wanna
34%
Mm,
31%
hm
28%
Aucun quiz correspondant
Distribution des résultats
% des personnes avec chaque résultat
Percentile par nombre de réponses
Votre historique - résultats
Vous n’avez pas pris ce quiz